El consumo lácteo en España (1950-2020) : auge y caída de la buena alimentación /

Enregistré dans:
Détails bibliographiques
Auteur principal: Collantes Gutiérrez, Fernando (Auteur)
Format: Électronique eBook
Langue:espagnol
Publié: Zaragoza, España : Prensas de la Universidad de Zaragoza, 2024.
Édition:1a edición.
Collection:Monografías de historia rural ; 20.
Sujets:
Accès en ligne:Digitalia Hispánica
Tags: Ajouter un tag
Pas de tags, Soyez le premier à ajouter un tag!

MARC

LEADER 00000nam a2200000Ii 4500
001 DIGPUZ0103
003 NyNyDIG
007 cr |||||||||||
008 260501s2024 sp a ob 000 0 spa d
006 m o d
035 |a (OCoLC)1588689508 
040 |a DGITA  |b eng  |e rda  |e pn  |c DGITA 
020 |a 9788413409610  |q eBook 
020 |z 9788413409603 
043 |a e-sp--- 
050 1 4 |a HD9282.S72 ebook 
100 1 |a Collantes Gutiérrez, Fernando,  |e author. 
245 1 3 |a El consumo lácteo en España (1950-2020) :  |b auge y caída de la buena alimentación /  |c Fernando Collantes. 
250 |a 1a edición. 
264 1 |a Zaragoza, España :  |b Prensas de la Universidad de Zaragoza,  |c 2024. 
300 |a 1 online resource :  |b illustrations. 
336 |a text  |b txt  |2 rdacontent 
337 |a computer  |b c  |2 rdamedia 
338 |a online resource  |b cr  |2 rdacarrier 
347 |a text file  |2 rdaft 
347 |b PDF 
490 1 |a Monografías de historia rural ;  |v no. 20 
504 |a Includes bibliographical references. 
588 0 |a Online resource; title from PDF title page (Digitalia, viewed May 1, 2026) 
650 0 |a Dairy products industry  |z Spain  |x History  |y 20th century. 
650 0 |a Dairy products industry  |z Spain  |x History  |y 21st century. 
650 0 |a Milk consumption  |z Spain  |x History  |y 20th century. 
650 0 |a Milk consumption  |z Spain  |x History  |y 21st century. 
650 0 |a Milk in human nutrition. 
791 2 |a Digitalia (Firm),  |e distributor. 
793 0 |g Digitalia eBook Collection:  |a Prensas Universitarias de Zaragoza 
776 0 8 |i Print version:  |a Collantes Gutiérrez, Fernando.  |t Consumo lácteo en España (1950-2020).  |b 1a edición.  |d Zaragoza, España : Prensas de la Universidad de Zaragoza, [2024]  |z 9788413409603 
830 0 |a Monografías de historia rural ;  |v 20. 
856 4 0 |3 Digitalia Hispánica  |u https://digitalia.unach.elogim.com/a/184132/ 
910 |a Premium collection: 2026